000 00335nam a2200133Ia 4500
008 240624s9999 xx 000 0 und d
041 _aeng
082 _a657 JIA
100 _aJIAMBALVO JAMES
245 _aMANAGERIAL ACCOUNTING
250 _a(2nd ed.)
260 _c2007
_aNew Delhi
_bWiley India
300 _axxxi, : 512 : p. : cm. ; 23
999 _c7937
_d7937